Pokemon commençant par la lettre K - Gen 1 à 9 - Statistiques

Statistiques générales
  • Ce quiz a été pris 52 fois
  • Le résultat moyen est 16 sur 28
Statistiques - réponses
Réponse % Correct
Kabuto
83%
Kabutops
76%
Kecleon
68%
Keldeo
68%
Kicklee
68%
Kyogre
68%
Kangourex
66%
Kapoera
66%
Kyurem
66%
Kaorine
63%
Kranidos
61%
Korillon
59%
Karaclée
56%
Katagami
56%
Koraidon
56%
Krabby
56%
Kraknoix
56%
Kaiminus
54%
Kirlia
54%
Kokiyas
54%
Krabboss
54%
Kravarech
54%
Kadabra
51%
Kaimorse
51%
Keunotor
51%
Krakos
44%
Kungfouine
44%
Khélocrok
39%
Aucun quiz correspondant
Distribution des résultats
% des personnes avec chaque résultat
Percentile par nombre de réponses
Votre historique - résultats
Vous n’avez pas pris ce quiz